=LDR 00000nam 2200000 4500 =001 INLIS000000000000460 =005 20230117021450 =035 ##$$a 0010-0123000260 =007 ta =008 230117###########################f#ind## =020 ##$$a 978-979-22-9359-3 =082 ##$$a 813 =084 ##$$a 813 HAN b =100 #$$a Hanum Salsabiela Rais =245 1#$$a Berjalan di atas cahaya : $b kisah 99 cahaya di langit eropa /$c Hanum Salsabiela Rais, dkk. =250 ##$$a Cetakan keempat =260 ##$$a Jakarta :$b PT Gramedia Pustaka Utama,$c 2013 =300 ##$$a xii : $b ilus. ; $c 20 cm. =650 #4$$a Islam